[Event "Obert Figueres Miquel Mas 2010"]
[Site "Figueres ESP"]
[Date "2010.08.11"]
[Round "1.3"]
[White "Mayer, Christian"]
[Black "Alonso Rosell, Alvar"]
[Result "0-1"]
[WhiteElo "1877"]
[BlackElo "2521"]
[PlyCount "58"]
[EventDate "2011.08.11"]
[EventType "swiss"]
[EventRounds "9"]
[EventCountry "ESP"]
[Source "lmi"]
[SourceDate "2010.08.11"]

1. c4 c5 2. Nc3 Nc6 3. g3 g6 4. Bg2 Bg7 5. e4 Nf6 6. Nge2 O-O 7. O-O Ne8 8. d3
Nc7 9. Be3 Ne6 10. Rb1 d6 11. a3 a5 12. Qd2 Ned4 13. b3 Rb8 14. Nb5 Bg4 15.
Bxd4 cxd4 16. h3 Bc8 17. Kh2 f5 18. exf5 Bxf5 19. Bxc6 bxc6 20. Nbxd4 Bd7 21.
Nc2 e5 22. Ne3 Qg5 23. Qc1 Rf7 24. Ng4 Qf5 25. Nh6+ Bxh6 26. Qxh6 Qxd3 27. Qe3
Qxe3 28. fxe3 Rxf1 29. Rxf1 Rxb3 0-1

[Event "Obert Figueres Miquel Mas 2010"]
[Site "Figueres ESP"]
[Date "2010.08.11"]
[Round "1.5"]
[White "Puig Carres, Josep"]
[Black "Campos Moreno, Javier B"]
[Result "0-1"]
[WhiteElo "1839"]
[BlackElo "2484"]
[PlyCount "40"]
[EventDate "2011.08.11"]
[EventType "swiss"]
[EventRounds "9"]
[EventCountry "ESP"]
[Source "lmi"]
[SourceDate "2010.08.11"]

1. c4 e5 2. Nc3 Nf6 3. g3 c6 4. Bg2 d5 5. b3 Bc5 6. Na4 Bd6 7. c5 Bc7 8. b4 O-O
9. Nf3 b5 10. cxb6 axb6 11. Qc2 Na6 12. Ba3 e4 13. Nd4 c5 14. Nc6 Qe8 15. b5
Bd7 16. Bb2 Bxc6 17. Bxf6 Bxb5 18. Nc3 gxf6 19. Nxd5 Qe5 20. Nc3 f5 0-1

[Event "Obert Figueres Miquel Mas 2010"]
[Site "Figueres ESP"]
[Date "2010.08.11"]
[Round "1.6"]
[White "Huerga Leache, Mikel"]
[Black "Mirasol Obrador, Miquel"]
[Result "1-0"]
[WhiteElo "2424"]
[BlackElo "1832"]
[PlyCount "69"]
[EventDate "2011.08.11"]
[EventType "swiss"]
[EventRounds "9"]
[EventCountry "ESP"]
[Source "lmi"]
[SourceDate "2010.08.11"]

1. e4 e6 2. d4 d5 3. Nc3 dxe4 4. Nxe4 Nf6 5. Nxf6+ Qxf6 6. Nf3 h6 7. Bd3 Bd6 8.
Qe2 c6 9. Bd2 Qe7 10. O-O-O Nd7 11. Rhe1 Nf6 12. Ne5 Bd7 13. f4 O-O-O 14. g3
Kb8 15. c4 Bc8 16. Kb1 Rhe8 17. Bc2 Nd7 18. Ba5 Bc7 19. Bxc7+ Kxc7 20. Nxd7
Rxd7 21. Qe5+ Qd6 22. Qxg7 Red8 23. Qxh6 Qb4 24. Qg5 Qxc4 25. Qe5+ Rd6 26. h4
Qd5 27. h5 Qxe5 28. fxe5 Rxd4 29. Rxd4 Rxd4 30. h6 Rd8 31. h7 Bd7 32. Rf1 Rf8
33. Rf4 Kd8 34. Rh4 Rh8 35. Rg4 1-0

[Event "Obert Figueres Miquel Mas 2010"]
[Site "Figueres ESP"]
[Date "2010.08.11"]
[Round "1.7"]
[White "Sanchez Cobo, Javier"]
[Black "Barria Zuniga, Daniel"]
[Result "0-1"]
[WhiteElo "1832"]
[BlackElo "2419"]
[PlyCount "68"]
[EventDate "2011.08.11"]
[EventType "swiss"]
[EventRounds "9"]
[EventCountry "ESP"]
[Source "lmi"]
[SourceDate "2010.08.11"]

1. e4 c5 2. f4 e6 3. Nf3 Nc6 4. c3 d5 5. e5 Nge7 6. Be2 Nf5 7. O-O a6 8. d3 b5
9. Qe1 h5 10. b3 Bb7 11. Qd1 Be7 12. a3 a5 13. Kh1 h4 14. Ra2 g6 15. a4 b4 16.
c4 dxc4 17. dxc4 Qxd1 18. Rxd1 Ncd4 19. Kg1 O-O-O 20. Kf2 Bxf3 21. Bxf3 Nxf3
22. Rxd8+ Rxd8 23. Kxf3 Rd1 24. Nd2 Rxc1 25. Ne4 Re1 26. Nd2 Re3+ 27. Kf2 g5
28. fxg5 Bxg5 29. Nf3 Bf4 30. Ra1 Rxb3 31. Rd1 Rb2+ 32. Kg1 Ne3 33. Rd6 Rxg2+
34. Kh1 Rf2 0-1

[Event "Obert Figueres Miquel Mas 2010"]
[Site "Figueres ESP"]
[Date "2010.08.11"]
[Round "1.8"]
[White "Anikaev, Yuri N"]
[Black "Trias Bosch, Carles"]
[Result "1-0"]
[WhiteElo "2411"]
[BlackElo "1941"]
[PlyCount "35"]
[EventDate "2011.08.11"]
[EventType "swiss"]
[EventRounds "9"]
[EventCountry "ESP"]
[Source "lmi"]
[SourceDate "2010.08.11"]

1. Nf3 Nf6 2. c4 c5 3. d4 cxd4 4. Nxd4 Nc6 5. Nc3 g6 6. g3 Bg7 7. Bg2 O-O 8.
O-O a6 9. c5 Nxd4 10. Qxd4 Ne8 11. Qh4 Nf6 12. Rd1 Qc7 13. Be3 d6 14. cxd6 exd6
15. Rac1 Qb8 16. Bd4 Ne8 17. Nd5 Bxd4 18. Qxd4 1-0

[Event "Obert Figueres Miquel Mas 2010"]
[Site "Figueres ESP"]
[Date "2010.08.11"]
[Round "1.9"]
[White "Vehi Bach, Victor Manuel"]
[Black "Altimira Roses, Jordi"]
[Result "1-0"]
[WhiteElo "2405"]
[BlackElo "1828"]
[PlyCount "77"]
[EventDate "2011.08.11"]
[EventType "swiss"]
[EventRounds "9"]
[EventCountry "ESP"]
[Source "lmi"]
[SourceDate "2010.08.11"]

1. e4 c5 2. Nf3 d6 3. d4 cxd4 4. Nxd4 Nf6 5. Nc3 a6 6. Be3 e6 7. Qd2 Be7 8. f3
Bd7 9. g4 h6 10. h4 Nc6 11. O-O-O Nxd4 12. Bxd4 Rc8 13. Qf2 Rc6 14. Bd3 e5 15.
Be3 Bxg4 16. fxg4 Nxg4 17. Qg3 Nxe3 18. Qxe3 Bxh4 19. Kb1 Bg5 20. Qf3 Qf6 21.
Qg2 Qd8 22. Nd5 g6 23. Rh3 h5 24. Rf1 Rf8 25. Rhf3 b5 26. Qf2 Qd7 27. Nb4 Bf4
28. Nxc6 Qxc6 29. Rxf4 exf4 30. Qxf4 Qc5 31. a3 Qe5 32. Qf2 Qc5 33. Qh4 Qe5 34.
Rg1 Kd7 35. b4 Qc3 36. Ka2 Qe5 37. Qf2 Qe6+ 38. Kb1 Rc8 39. Qa7+ 1-0

[Event "Obert Figueres Miquel Mas 2010"]
[Site "Figueres ESP"]
[Date "2010.08.11"]
[Round "1.10"]
[White "Ruiz Munoz, Jose Carlos"]
[Black "Carlstedt, Jonathan"]
[Result "0-1"]
[WhiteElo "1820"]
[BlackElo "2379"]
[PlyCount "72"]
[EventDate "2011.08.11"]
[EventType "swiss"]
[EventRounds "9"]
[EventCountry "ESP"]
[Source "lmi"]
[SourceDate "2010.08.11"]

1. e4 c5 2. Nf3 d6 3. d4 cxd4 4. Nxd4 Nf6 5. Nc3 g6 6. Bg5 Bg7 7. f4 O-O 8. Qd2
Nbd7 9. Be2 Nc5 10. Bxf6 Bxf6 11. O-O-O Ne6 12. Nb3 a5 13. a4 Bxc3 14. bxc3 Qb6
15. Bb5 Nc5 16. Qd4 Bg4 17. Rd2 Rac8 18. Nxc5 Qxc5 19. Qxc5 Rxc5 20. Kb2 Be6
21. Re1 Rfc8 22. Re3 Bc4 23. Bxc4 Rxc4 24. Rd4 Rxd4 25. cxd4 Rc4 26. c3 Rxa4
27. Re1 b5 28. g4 Rc4 29. Ra1 b4 30. cxb4 axb4 31. Rd1 Rc3 32. Rc1 Re3 33. e5
Re4 34. exd6 exd6 35. Rc4 Rxf4 36. Rxb4 Rxg4 0-1

[Event "Obert Figueres Miquel Mas 2010"]
[Site "Figueres ESP"]
[Date "2010.08.11"]
[Round "1.11"]
[White "Sorbe, Stephane"]
[Black "Garcia, Richard"]
[Result "1-0"]
[WhiteElo "2358"]
[BlackElo "1761"]
[PlyCount "93"]
[EventDate "2011.08.11"]
[EventType "swiss"]
[EventRounds "9"]
[EventCountry "ESP"]
[Source "lmi"]
[SourceDate "2010.08.11"]

1. e4 e6 2. d4 d5 3. Nd2 dxe4 4. Nxe4 Bd7 5. Nf3 Bc6 6. Bd3 Nd7 7. Qe2 Ngf6 8.
Bg5 Be7 9. O-O Nxe4 10. Bxe7 Qxe7 11. Bxe4 Bxe4 12. Qxe4 c6 13. Rad1 O-O 14.
Rfe1 Qb4 15. b3 Qa5 16. Qd3 Rad8 17. c4 Rfe8 18. Qe2 Qf5 19. b4 g5 20. h3 g4
21. Nh4 Qg5 22. Qxg4 Qxg4 23. hxg4 Nb6 24. c5 Nd5 25. a3 Rd7 26. Nf5 Red8 27.
Nd6 Nf6 28. f3 Ne8 29. Nxe8 Rxe8 30. Kf2 Red8 31. Re4 Rd5 32. Ke3 e5 33. Rd3 f6
34. f4 exf4+ 35. Kxf4 Kf7 36. Rh3 Kg6 37. Ke3 R8d7 38. Rf3 Kg7 39. Rf5 Kg6 40.
Rxd5 cxd5 41. Re8 Kf7 42. Rb8 Kg6 43. b5 h5 44. gxh5+ Kxh5 45. Ra8 b6 46. c6
Re7+ 47. Kf3 1-0

[Event "Obert Figueres Miquel Mas 2010"]
[Site "Figueres ESP"]
[Date "2010.08.11"]
[Round "1.13"]
[White "Cuadras Avellana, Jorge"]
[Black "Trias Punset, Carles"]
[Result "1-0"]
[WhiteElo "2305"]
[BlackElo "1739"]
[PlyCount "53"]
[EventDate "2011.08.11"]
[EventType "swiss"]
[EventRounds "9"]
[EventCountry "ESP"]
[Source "lmi"]
[SourceDate "2010.08.11"]

1. e4 e6 2. d4 d5 3. Nc3 Bb4 4. e5 c5 5. a3 Bxc3+ 6. bxc3 Qa5 7. Bd2 c4 8. Qg4
g6 9. h4 h5 10. Qf4 Qd8 11. Nf3 f5 12. exf6 Qxf6 13. Qd6 Qe7 14. Qg3 Qf6 15.
Ne5 Ne7 16. Bg5 Nf5 17. Bxf6 Nxg3 18. fxg3 Rg8 19. Be2 Nd7 20. O-O Nxf6 21.
Rxf6 Bd7 22. Nxg6 Kd8 23. Bxh5 Kc7 24. Rf7 Kd6 25. Ne5 Be8 26. Rxb7 Bc6 27.
Nf7# 1-0

[Event "Obert Figueres Miquel Mas 2010"]
[Site "Figueres ESP"]
[Date "2010.08.11"]
[Round "1.14"]
[White "Pinsach Gelabert, Alexandre"]
[Black "Adrian, Claude"]
[Result "0-1"]
[WhiteElo "1735"]
[BlackElo "2292"]
[PlyCount "82"]
[EventDate "2011.08.11"]
[EventType "swiss"]
[EventRounds "9"]
[EventCountry "ESP"]
[Source "lmi"]
[SourceDate "2010.08.11"]

1. d4 d5 2. c4 e5 3. dxe5 d4 4. a3 Nc6 5. e3 a5 6. Nf3 Bc5 7. exd4 Bxd4 8. Be2
Nge7 9. Bf4 O-O 10. Nc3 Ng6 11. Bg3 Bxc3+ 12. bxc3 Qe7 13. O-O Be6 14. Qc2 Qc5
15. Rfe1 Bxc4 16. Bxc4 Qxc4 17. Rad1 Rad8 18. Qb2 b5 19. Nd4 Nxd4 20. cxd4 h5
21. h4 c6 22. Re2 Qe6 23. Rc2 Qg4 24. Rdd2 Ne7 25. d5 Rxd5 26. Rxd5 cxd5 27.
Rc5 d4 28. Qxb5 Nf5 29. Qd3 a4 30. Rc4 Rd8 31. Rxa4 Nxh4 32. Bxh4 Qxh4 33. g3
Qg4 34. Kh2 h4 35. gxh4 Qxh4+ 36. Kg2 Qg5+ 37. Kf3 Qxe5 38. Rb4 Rd5 39. Qe4
Qh5+ 40. Kg2 Rg5+ 41. Kf1 Qd1+ 0-1

[Event "Obert Figueres Miquel Mas 2010"]
[Site "Figueres ESP"]
[Date "2010.08.11"]
[Round "1.15"]
[White "Spielmann, Alain"]
[Black "Fleta Marin, Sergio"]
[Result "1-0"]
[WhiteElo "2286"]
[BlackElo "1720"]
[PlyCount "37"]
[EventDate "2011.08.11"]
[EventType "swiss"]
[EventRounds "9"]
[EventCountry "ESP"]
[Source "lmi"]
[SourceDate "2010.08.11"]

1. Nf3 f5 2. c4 Nf6 3. g3 e6 4. Bg2 Be7 5. O-O O-O 6. d4 c6 7. b3 b6 8. Bb2 Bb7
9. Qc2 Qc8 10. Nbd2 d5 11. Ne5 Nbd7 12. Nd3 Ne4 13. Nf3 Bf6 14. Nfe5 Qc7 15.
Nf4 Rfe8 16. cxd5 Nxe5 17. dxe5 Bxe5 18. Nxe6 Qf7 19. Bxe5 1-0

[Event "Obert Figueres Miquel Mas 2010"]
[Site "Figueres ESP"]
[Date "2010.08.11"]
[Round "1.16"]
[White "Cano Egea, Gerard"]
[Black "Lillo Castay, Victor"]
[Result "0-1"]
[WhiteElo "1698"]
[BlackElo "2284"]
[PlyCount "64"]
[EventDate "2011.08.11"]
[EventType "swiss"]
[EventRounds "9"]
[EventCountry "ESP"]
[Source "lmi"]
[SourceDate "2010.08.11"]

1. e4 e5 2. Nf3 Nc6 3. Bc4 Nf6 4. d3 h6 5. O-O d6 6. c3 g6 7. Re1 Bg7 8. Nbd2
O-O 9. Nf1 Qe7 10. Ng3 Be6 11. Bb5 Nd7 12. d4 exd4 13. Nxd4 Nxd4 14. cxd4 Nb6
15. f4 c5 16. Be3 Bc4 17. Bxc4 Nxc4 18. Bf2 cxd4 19. b3 Ne3 20. Bxe3 dxe3 21.
Rc1 Rac8 22. Rxc8 Rxc8 23. Rxe3 Qf6 24. Ne2 Qb2 25. a4 Rc2 26. Kf1 Kh7 27. Qxd6
Qa1+ 28. Kf2 Bc3 29. Qf8 Qe1+ 30. Kf3 Qf1+ 31. Kg4 Qxg2+ 32. Ng3 h5+ 0-1

[Event "Obert Figueres Miquel Mas 2010"]
[Site "Figueres ESP"]
[Date "2010.08.11"]
[Round "1.18"]
[White "Vazquez Montreal, Enric"]
[Black "Colls Gelaberto, Emili"]
[Result "0-1"]
[WhiteElo "1678"]
[BlackElo "2247"]
[PlyCount "86"]
[EventDate "2011.08.11"]
[EventType "swiss"]
[EventRounds "9"]
[EventCountry "ESP"]
[Source "lmi"]
[SourceDate "2010.08.11"]

1. Nf3 Nf6 2. d3 d5 3. Nbd2 Bf5 4. g3 e6 5. Bg2 Be7 6. O-O O-O 7. Nh4 Bg4 8.
Nhf3 Nbd7 9. d4 c5 10. h3 Bh5 11. g4 Bg6 12. Re1 Rc8 13. c3 cxd4 14. Nxd4 Nc5
15. f3 Qb6 16. Kh1 Rfd8 17. b4 Ncd7 18. Bb2 Bd6 19. Rf1 Bf4 20. Qe1 Be3 21.
N2b3 Ne5 22. a4 Nc4 23. Bc1 e5 24. a5 Qc7 25. Nb5 Qd7 26. Na3 Bxc1 27. Qxc1
Nxa3 28. Rxa3 d4 29. Nc5 Qb5 30. f4 exf4 31. Bxb7 Rxc5 32. bxc5 Qxb7+ 33. Kg1
Qd5 34. Rxf4 Qxc5 35. Kh2 h5 36. c4 Nd5 37. Rf1 Ne3 38. Rf2 Qe5+ 39. Kh1 Be4+
40. Rf3 Qg3 41. Qg1 Qxh3+ 42. Qh2 Bxf3+ 43. exf3 Qxf3+ 0-1

[Event "Obert Figueres Miquel Mas 2010"]
[Site "Figueres ESP"]
[Date "2010.08.11"]
[Round "1.21"]
[White "Vidal Palou, Jordi"]
[Black "Casanellas Ruano, Lluis"]
[Result "0-1"]
[WhiteElo "1649"]
[BlackElo "2182"]
[PlyCount "48"]
[EventDate "2011.08.11"]
[EventType "swiss"]
[EventRounds "9"]
[EventCountry "ESP"]
[Source "lmi"]
[SourceDate "2010.08.11"]

1. d4 c5 2. c3 b6 3. e4 g6 4. Nf3 Bb7 5. d5 Nf6 6. Bd3 Bg7 7. Nbd2 O-O 8. O-O
d6 9. b3 Ba6 10. Bxa6 Nxa6 11. Bb2 b5 12. a3 c4 13. b4 Nc7 14. Nd4 Qd7 15. a4
a6 16. axb5 axb5 17. Ra5 Rxa5 18. bxa5 Na6 19. Ba3 Ng4 20. Nxb5 Qxb5 21. Qxg4
Bxc3 22. Rb1 Qa4 23. Bc1 Qc2 24. Qh4 Bxd2 0-1

[Event "Obert Figueres Miquel Mas 2010"]
[Site "Figueres ESP"]
[Date "2010.08.11"]
[Round "1.22"]
[White "Lasinskas, Povilas"]
[Black "Gutierrez Galindo, Angel"]
[Result "1-0"]
[WhiteElo "2180"]
[BlackElo "1791"]
[PlyCount "40"]
[EventDate "2011.08.11"]
[EventType "swiss"]
[EventRounds "9"]
[EventCountry "ESP"]
[Source "lmi"]
[SourceDate "2010.08.11"]

1. d4 e6 2. c4 b6 3. Nc3 Bb7 4. Nf3 Nf6 5. Bg5 Be7 6. Qc2 h6 7. Bh4 Nc6 8. Rd1
a6 9. e3 Nb4 10. Qb1 d5 11. a3 Nc6 12. Be2 g5 13. Bg3 Nh5 14. Ne5 Nxg3 15. hxg3
Nxe5 16. dxe5 c6 17. f4 Qc7 18. e4 O-O-O 19. exd5 cxd5 20. cxd5 Qc5 1-0

[Event "Obert Figueres Miquel Mas 2010"]
[Site "Figueres ESP"]
[Date "2010.08.11"]
[Round "1.23"]
[White "Vilar Lopez, Monica"]
[Black "Torrent Lagresa, Josep M"]
[Result "1-0"]
[WhiteElo "2166"]
[BlackElo "1641"]
[PlyCount "57"]
[EventDate "2011.08.11"]
[EventType "swiss"]
[EventRounds "9"]
[EventCountry "ESP"]
[Source "lmi"]
[SourceDate "2010.08.11"]

1. e4 e5 2. Nf3 Nc6 3. d4 exd4 4. Nxd4 Nf6 5. Nxc6 bxc6 6. e5 Nd5 7. c4 Bb4+ 8.
Nd2 Nf4 9. a3 Be7 10. Nf3 Ne6 11. Be2 O-O 12. O-O Rb8 13. Qc2 c5 14. Be3 c6 15.
Bd3 g6 16. Rab1 Qc7 17. h4 Nd4 18. Nxd4 cxd4 19. Bxd4 Bxh4 20. Bc5 Qxe5 21.
Bxf8 Kxf8 22. Rfe1 Qg5 23. c5 d6 24. cxd6 Bh3 25. Qxc6 Rc8 26. Qe4 Bf5 27. Qd4
Qf6 28. Qxf6 Bxf6 29. Bxf5 1-0

[Event "Obert Figueres Miquel Mas 2010"]
[Site "Figueres ESP"]
[Date "2010.08.11"]
[Round "1.24"]
[White "Ros Agusti, Salvador"]
[Black "Vidal Zamora, Alex"]
[Result "0-1"]
[WhiteElo "1603"]
[BlackElo "2150"]
[PlyCount "70"]
[EventDate "2011.08.11"]
[EventType "swiss"]
[EventRounds "9"]
[EventCountry "ESP"]
[Source "lmi"]
[SourceDate "2010.08.11"]

1. d4 Nf6 2. c4 g6 3. Nc3 Bg7 4. e4 d6 5. Nf3 O-O 6. g3 e5 7. d5 a5 8. Bg2 Na6
9. O-O Ne8 10. b3 f5 11. exf5 Bxf5 12. Bg5 Qd7 13. Rc1 Bg4 14. h3 Bxf3 15. Bxf3
Qf5 16. Be7 Qxf3 17. Bxf8 Qxd1 18. Rfxd1 Bxf8 19. Ne4 Be7 20. a3 Nf6 21. Nxf6+
Bxf6 22. a4 Nc5 23. Rb1 b6 24. g4 e4 25. Re1 Rf8 26. Re2 Bd4 27. Kg2 Rf3 28.
Rc2 Nd3 29. Rf1 Nf4+ 30. Kg1 Nxh3+ 31. Kg2 Nf4+ 32. Kh1 e3 33. Kg1 exf2+ 34.
Rcxf2 Rxf2 35. Rxf2 Nh3+ 0-1

[Event "Obert Figueres Miquel Mas 2010"]
[Site "Figueres ESP"]
[Date "2010.08.11"]
[Round "1.25"]
[White "Sorroche Martin, Jose Maria"]
[Black "Suita Rodriguez, Natalia"]
[Result "1-0"]
[WhiteElo "2147"]
[BlackElo "1600"]
[PlyCount "41"]
[EventDate "2011.08.11"]
[EventType "swiss"]
[EventRounds "9"]
[EventCountry "ESP"]
[Source "lmi"]
[SourceDate "2010.08.11"]

1. c4 e6 2. Nc3 Nf6 3. e4 d5 4. e5 Nfd7 5. cxd5 exd5 6. d4 Bb4 7. Qb3 c5 8. Nf3
Nc6 9. Bb5 Qa5 10. Bxc6 bxc6 11. O-O cxd4 12. Nxd4 Bb7 13. e6 Nc5 14. exf7+
Kxf7 15. Qc2 Rhf8 16. Nce2 Kg8 17. a3 Bxa3 18. Rxa3 Qb6 19. Be3 Qb4 20. Nxc6
Bxc6 21. Bxc5 1-0

[Event "Obert Figueres Miquel Mas 2010"]
[Site "Figueres ESP"]
[Date "2010.08.11"]
[Round "1.26"]
[White "Idoate Arrazurria, Ricardo"]
[Black "Gomez, Gustavo Pizzocaro"]
[Result "0-1"]
[WhiteElo "1599"]
[BlackElo "2142"]
[PlyCount "100"]
[EventDate "2011.08.11"]
[EventType "swiss"]
[EventRounds "9"]
[EventCountry "ESP"]
[Source "lmi"]
[SourceDate "2010.08.11"]

1. e4 c5 2. Nf3 Nc6 3. d4 cxd4 4. Nxd4 e6 5. Be2 a6 6. Be3 Nf6 7. Nc3 Bb4 8.
Nxc6 bxc6 9. Bg5 h6 10. Bxf6 Qxf6 11. Qd2 O-O 12. O-O Bxc3 13. Qxc3 Qxc3 14.
bxc3 d5 15. Bd3 a5 16. Rab1 Ba6 17. Rb6 Bxd3 18. cxd3 dxe4 19. dxe4 Rfd8 20.
Rxc6 Rd2 21. a4 Ra2 22. Rc4 Rb8 23. g3 g5 24. Kg2 Kg7 25. Kf3 Rbb2 26. h3 Kg6
27. g4 Ra3 28. Rd1 Rc2 29. Ke3 Rcxc3+ 30. Rxc3 Rxc3+ 31. Rd3 Rc1 32. e5 Re1+
33. Kd4 Ra1 34. Kc5 Rxa4 35. Kb5 Ra2 36. Rf3 Re2 37. Kxa5 Rxe5+ 38. Kb6 Re4 39.
Kc5 f5 40. gxf5+ exf5 41. Kd5 Re7 42. Kd4 Kf6 43. Kd3 Ra7 44. Kd4 Rd7+ 45. Ke3
Rb7 46. Kd4 f4 47. h4 Kf5 48. hxg5 hxg5 49. Kc3 Ra7 50. Kd4 Kg4 0-1

[Event "Obert Figueres Miquel Mas 2010"]
[Site "Figueres ESP"]
[Date "2010.08.11"]
[Round "1.27"]
[White "Alberto, Manuel"]
[Black "Febrero Perez, Lluis"]
[Result "1-0"]
[WhiteElo "2140"]
[BlackElo "1568"]
[PlyCount "77"]
[EventDate "2011.08.11"]
[EventType "swiss"]
[EventRounds "9"]
[EventCountry "ESP"]
[Source "lmi"]
[SourceDate "2010.08.11"]

1. e4 e5 2. Nf3 Nc6 3. Bb5 Nge7 4. O-O g6 5. Nc3 Bg7 6. d3 O-O 7. Bg5 h6 8. Be3
d6 9. Qd2 Kh7 10. Ne1 f5 11. f4 fxe4 12. dxe4 exf4 13. Bxf4 Nd4 14. Bd3 g5 15.
Be3 Ng6 16. Qd1 Rxf1+ 17. Bxf1 Qf6 18. Nd5 Qe5 19. Qd3 c6 20. Nc7 Rb8 21. c3
Ne6 22. Bxa7 Nxc7 23. Bxb8 Qc5+ 24. Kh1 Nf4 25. Qd2 Ne8 26. Rd1 Bg4 27. Rc1 Be5
28. b4 Qb6 29. a4 c5 30. a5 Qc6 31. bxc5 Qxc5 32. Nd3 Nxd3 33. Bxd3 Qxa5 34.
Qf2 Kg7 35. Qa7 Bxc3 36. Qxb7+ Kf6 37. Rf1+ Ke5 38. Bb5 Nf6 39. Qe7+ 1-0

[Event "Obert Figueres Miquel Mas 2010"]
[Site "Figueres ESP"]
[Date "2010.08.11"]
[Round "1.28"]
[White "Gallegos Saliner, Josep M"]
[Black "Gonzalez Manchon, Juan Miguel"]
[Result "0-1"]
[WhiteElo "1560"]
[BlackElo "2110"]
[PlyCount "136"]
[EventDate "2011.08.11"]
[EventType "swiss"]
[EventRounds "9"]
[EventCountry "ESP"]
[Source "lmi"]
[SourceDate "2010.08.11"]

1. e4 e5 2. Nf3 Nc6 3. d4 exd4 4. Nxd4 Bc5 5. Be3 Qf6 6. Nb5 Bxe3 7. fxe3 Qh4+
8. g3 Qxe4 9. Nxc7+ Kd8 10. Nxa8 Qxh1 11. Qg4 d6 12. Qxg7 Ne5 13. Nd2 Ng6 14.
Qxf7 N8e7 15. O-O-O Bg4 16. Be2 Qd5 17. Qxd5 Nxd5 18. Bxg4 Nxe3 19. Ne4 Nxd1
20. Kxd1 Ne5 21. Bf5 Nc4 22. Kc1 d5 23. Ng5 Ke7 24. Nc7 Kf6 25. Bd3 Kxg5 26.
Nxd5 Ne5 27. Be4 b6 28. Kd2 Rd8 29. Ke2 Nc4 30. b3 Nd6 31. Bf3 Kf5 32. Ne7+ Ke6
33. Nc6 Rd7 34. Bg4+ Nf5 35. Kf3 Kf6 36. Kf4 Rd2 37. Bxf5 Rf2+ 38. Ke4 Rxf5 39.
Ke3 Rc5 40. Nd4 Ke5 41. c4 Rc7 42. Nf3+ Kd6 43. Kd4 Rg7 44. Ke4 Re7+ 45. Kd3
Kc5 46. a3 a5 47. Ng5 Rd7+ 48. Ke3 Re7+ 49. Kd3 Kc6 50. Ne4 Rf7 51. Ke2 Rf5 52.
h4 Rf7 53. Ng5 Rg7 54. Kf3 Kd6 55. Kf4 Rg8 56. Nxh7 Rc8 57. Ng5 a4 58. Ne4+ Ke6
59. b4 Rxc4 60. Kf3 Ke5 61. Nd2 Rc3+ 62. Kg4 Ke6 63. Nb1 Rb3 64. Nd2 Rxa3 65.
Nc4 Rb3 66. h5 Rxb4 67. Kg5 Rxc4 68. h6 Kf7 0-1

[Event "Obert Figueres Miquel Mas 2010"]
[Site "Figueres ESP"]
[Date "2010.08.11"]
[Round "1.29"]
[White "Ferreira, Kleber Victor"]
[Black "Cruanas Verdu, Joaquim"]
[Result "1-0"]
[WhiteElo "2107"]
[BlackElo "1554"]
[PlyCount "39"]
[EventDate "2011.08.11"]
[EventType "swiss"]
[EventRounds "9"]
[EventCountry "ESP"]
[Source "lmi"]
[SourceDate "2010.08.11"]

1. e4 e5 2. Bc4 Nf6 3. Nc3 Nc6 4. f4 Qe7 5. Nf3 exf4 6. d3 d5 7. Bxd5 Bg4 8.
Bxc6+ bxc6 9. Bxf4 Bxf3 10. Qxf3 Nd5 11. Bd2 Rb8 12. O-O Qc5+ 13. Kh1 Nf6 14.
e5 Nd5 15. Qxf7+ Kd8 16. Qe6 h6 17. Rf7 Ne7 18. Raf1 Qd4 19. Rxf8+ Rxf8 20.
Rxf8# 1-0

[Event "Obert Figueres Miquel Mas 2010"]
[Site "Figueres ESP"]
[Date "2010.08.11"]
[Round "1.31"]
[White "Parals Marce, Luis"]
[Black "Andres Sebastian, Luis"]
[Result "1-0"]
[WhiteElo "2058"]
[BlackElo "1493"]
[PlyCount "79"]
[EventDate "2011.08.11"]
[EventType "swiss"]
[EventRounds "9"]
[EventCountry "ESP"]
[Source "lmi"]
[SourceDate "2010.08.11"]

1. Nf3 d6 2. d4 Nf6 3. e3 Bd7 4. Bd3 a6 5. b3 Nc6 6. Nbd2 g6 7. Bb2 d5 8. O-O
Bg7 9. a3 Bg4 10. h3 Bxf3 11. Nxf3 e6 12. c4 Ne7 13. Rc1 c6 14. Ne5 O-O 15. Qc2
Ne4 16. Bxe4 dxe4 17. Qxe4 f5 18. Qc2 Bxe5 19. dxe5 b6 20. Rcd1 Qc7 21. Rd6 Kg7
22. Rfd1 Rfd8 23. Qd3 Nd5 24. cxd5 cxd5 25. Rc1 Qb7 26. Qd4 Rac8 27. Qxb6 Rxc1+
28. Bxc1 Qxb6 29. Rxb6 Rc8 30. Bb2 g5 31. Rxa6 h5 32. g4 hxg4 33. hxg4 fxg4 34.
Kg2 g3 35. Kxg3 Re8 36. b4 Kg6 37. b5 Kf5 38. b6 g4 39. b7 Rb8 40. Rb6 1-0

[Event "Obert Figueres Miquel Mas 2010"]
[Site "Figueres ESP"]
[Date "2010.08.11"]
[Round "1.32"]
[White "Asensio Graells, Ricard"]
[Black "Falgueras Marti, Carles"]
[Result "0-1"]
[WhiteElo "1489"]
[BlackElo "2038"]
[PlyCount "98"]
[EventDate "2011.08.11"]
[EventType "swiss"]
[EventRounds "9"]
[EventCountry "ESP"]
[Source "lmi"]
[SourceDate "2010.08.11"]

1. e4 c6 2. d3 d5 3. Nd2 e5 4. Ngf3 Bd6 5. g3 Nf6 6. Bg2 O-O 7. O-O Bg4 8. h3
Bh5 9. Re1 Nbd7 10. g4 Bg6 11. Nh2 h6 12. Ndf1 dxe4 13. dxe4 Bc5 14. Ng3 Qb6
15. Qe2 Rab8 16. h4 Rfd8 17. h5 Bh7 18. c3 Nf8 19. g5 hxg5 20. Bxg5 Ne6 21.
Bxf6 gxf6 22. Ng4 Be7 23. Nh6+ Kf8 24. Ngf5 Bxf5 25. Nxf5 Ng7 26. Bh3 Nxf5 27.
Bxf5 Bc5 28. b4 Bd6 29. Kh1 Ke7 30. Rg1 Rg8 31. h6 Qb5 32. Qh5 Qd3 33. h7 Rh8
34. Rg7 Rbf8 35. Rag1 c5 36. Qg4 cxb4 37. cxb4 Bxb4 38. Rg3 Qf1+ 39. Rg1 Qxf2
40. Qd1 Qh4+ 41. Kg2 Rd8 42. Rxf7+ Kxf7 43. Qb3+ Ke8 44. Qg8+ Ke7 45. Qg7+ Kd6
46. Rd1+ Kc6 47. Rc1+ Bc5 48. Bd7+ Rxd7 49. Qxh8 Rd2+ 0-1

[Event "Obert Figueres Miquel Mas 2010"]
[Site "Figueres ESP"]
[Date "2010.08.11"]
[Round "1.33"]
[White "Triadu Cassa, Jordi"]
[Black "Garcia Castany, Jose"]
[Result "1-0"]
[WhiteElo "2025"]
[BlackElo "1477"]
[PlyCount "43"]
[EventDate "2011.08.11"]
[EventType "swiss"]
[EventRounds "9"]
[EventCountry "ESP"]
[Source "lmi"]
[SourceDate "2010.08.11"]

1. e4 c5 2. Nf3 d6 3. d4 cxd4 4. Nxd4 Nc6 5. Nc3 Qb6 6. Nb3 Nf6 7. Bd3 e6 8.
Be3 Qc7 9. f4 a6 10. O-O b5 11. a3 Bb7 12. Rb1 Na5 13. Nxa5 Qxa5 14. e5 Nd5 15.
Bd4 Qd8 16. Nxb5 Nxf4 17. Rxf4 dxe5 18. Bxe5 f6 19. Rd4 Qb6 20. Qh5+ g6 21.
Bxg6+ hxg6 22. Qxg6+ 1-0

[Event "Obert Figueres Miquel Mas 2010"]
[Site "Figueres ESP"]
[Date "2010.08.11"]
[Round "1.34"]
[White "Cano Egea, Joan Manuel"]
[Black "Colls Bosch, Emili"]
[Result "0-1"]
[WhiteElo "1441"]
[BlackElo "2010"]
[PlyCount "60"]
[EventDate "2011.08.11"]
[EventType "swiss"]
[EventRounds "9"]
[EventCountry "ESP"]
[Source "lmi"]
[SourceDate "2010.08.11"]

1. e4 Nf6 2. Nc3 d5 3. exd5 Nxd5 4. Nxd5 Qxd5 5. Be2 Nc6 6. Nf3 e5 7. d3 Bb4+
8. Bd2 a5 9. a3 Bc5 10. O-O O-O 11. Be3 Be7 12. d4 e4 13. c4 Qd6 14. Nd2 f5 15.
f3 Nxd4 16. fxe4 fxe4 17. c5 Qe5 18. Bxd4 Qxd4+ 19. Kh1 Bxc5 20. Nb3 Qxd1 21.
Raxd1 Be3 22. Bc4+ Kh8 23. Nd4 Bg4 24. Ne6 Rfc8 25. Rde1 b5 26. Nf4 Bd2 27. Rb1
bxc4 28. h3 Bxf4 29. Rxf4 Be6 30. Rg1 Kg8 0-1